Music Quiz

Random Music or Lyrics Quiz
Score 0/172 Timer 08:00
8 Plays Today
% Correct
a
96.2%
a
96.2%
a
96.2%
a
96.2%
a
96.2%
a
96.2%
a
96.2%
a
96.2%
I
95.3%
I
95.3%
I
95.3%
I. . .
95.3%
the
94%
the
93.5%
the
93.5%
the
93.5%
the
93.5%
a
92.6%
ya
85.7%
you?
85.7%
It
73.1%
it
73.1%
It
73.1%
he
72.8%
He
72.8%
He
72.8%
He
72.8%
of
67.6%
of
67.6%
of
67.6%
of
67.6%
no
67.5%
no
67.5%
in
67.5%
no
67.5%
no
67.5%
in
67.5%
And
67%
And
67%
And
67%
for
65.9%
for
65.9%
What's
63.7%
What's
63.7%
What's
63.7%
What
63.7%
What
63.7%
your
60.6%
your
60.6%
your
60.6%
when
60.1%
When
60.1%
days
58.4%
days
58.4%
was
56.9%
was
56.9%
was
56.9%
It's
54.9%
% Correct
It's
54.9%
It's
54.9%
our
54.2%
our
54.2%
our
54.2%
rest
52.9%
rest
52.9%
wonderful
51.8%
wonderful
51.8%
Hakuna
51.3%
Hakuna
51.3%
Hakuna
51.3%
Hakuna
51.3%
Hakuna
51.3%
Hakuna
51.3%
Hakuna
51.3%
Hakuna
51.3%
means
51.2%
means
51.2%
Matata!
51.2%
Matata!
51.2%
Matata!
51.2%
Matata?
51.2%
Matata!
51.2%
Matata!
51.2%
Matata!
51.2%
Matata! . . .
51.2%
worries
50.7%
worries
50.7%
phrase
49.5%
phrase
49.5%
my
49.3%
my
49.3%
problem-free
49.3%
problem-free
49.3%
Ain't
48.7%
Ain't
48.7%
That's
48.5%
that
48.4%
that
48.4%
philosophy
48.4%
philosophy
48.4%
problems
47.3%
time
47%
Not
46.9%
young
46%
young
46%
with
45.7%
passing
45.6%
passing
45.6%
warthog
42.1%
warthog
42.1%
craze
41.7%
craze
41.7%
motto
40.8%
could
40.8%
downwind
40.7%
downhearted
40.6%
% Correct
name
40.5%
name?
40.6%
will
40.5%
How
40.5%
friends
39.6%
every
39%
Every
39%
Why
38.2%
oh
37.9%
Oh
37.9%
motto!
36.4%
motto?
36.4%
never
35.4%
his
34.9%
Pumbaa
34.3%
Pumbaa!
34.3%
after
34%
ashamed
33.3%
got
33%
feel?
32.8%
shame
32.5%
front
32.3%
all
31.8%
meal
31.4%
savannah
31.3%
stood
31.3%
did
31.1%
I'm
31%
kids!
30.8%
clear
30.6%
hurt
29.8%
though
28%
Sorry
26.3%
Nothing
26.1%
appeal
25.7%
certain
25.6%
aroma
25.2%
soul
25.2%
Yeah
25%
seem
24.9%
Very
24.8%
found
24.4%
nice
23.9%
sensitive
23.6%
Take
22.9%
thick-skinned
22.5%
Thought
22.2%
changing
22.1%
here
22.1%
Thanks
21.5%
lacked
20.1%
two
19.4%
right
18.8%
words
17.3%
solve
16.8%
Those
14.5%
Remove Ads.
Support Sporcle.
Get the best of Sporcle when you Go Orange. This ad-free experience offers more features, more stats, and more fun while also helping to support Sporcle. Thank you for becoming a member.

You're not logged in!

Compare scores with friends on all Sporcle quizzes.
OR
Log In

Sporcle TV

Today on Sporcle TV


Watch our educational content, quiz creation guides, and fun videos on Sporcle TV.

Show Comments

Extras

Top Quizzes Today


Score Distribution

Paid Content

Your Account Isn't Verified!

In order to create a playlist on Sporcle, you need to verify the email address you used during registration. Go to your Sporcle Settings to finish the process.

Report this User

Report this user for behavior that violates our Community Guidelines.

Details: